|
|
|
|
| LEADER |
00000nas a2200000 a 4500 |
| 001 |
vtls008153737 |
| 003 |
SK-MaSNL |
| 005 |
20260228162054.0 |
| 008 |
050513c20uu9999xo ar 0 b0slo |
| 020 |
|
|
|a 8089039669 (brož. r.: 2004/2005)
|
| 040 |
|
|
|a SNK
|b slo
|c SNK
|
| 110 |
2 |
|
|a Katolícka univerzita v Ružomberku.
|b Pedagogická fakulta
|9 121812
|
| 245 |
0 |
0 |
|a Informácie o štúdiu
|b študijný program Ošetrovateľstvo : akademický rok...
|c Katolícka univerzita, Pedagogická fakulta
|
| 260 |
|
|
|a Ružomberok
|b Katolícka univerzita
|
| 300 |
|
|
|a zv.
|b tab.
|c 21 cm
|
| 310 |
|
|
|a Ročenka
|
| 500 |
|
|
|a Súčasťou podnázvu je označenie akademického roku
|
| 500 |
|
|
|a Popis podľa: R. 2004/2005 (vydané v r. 2004)
|
| 500 |
|
|
|a R. 2004/2005 zostavila: Jana Moricová
|
| 655 |
|
7 |
|a ročenky
|2 SNKPH
|9 57146
|
| 700 |
1 |
|
|a Moricová, Jana,
|d 1963-
|9 39625
|
| 919 |
|
|
|a 80-89039-66-9
|
| 999 |
|
|
|c 6700
|d 8630
|
| 952 |
|
|
|0 0
|1 0
|4 0
|7 1
|8 0
|a SNK
|b SNK
|d 2005-05-13
|i snk2005/8042
|l 0
|o snkČSD 2335/2004-2005
|r 2026-02-21 19:41:17
|w 2026-02-21
|y NEVYP
|
| 952 |
|
|
|0 0
|1 0
|4 0
|7 0
|8 0
|a SNK
|b SNK
|d 2005-05-13
|i snk2005/8043
|l 0
|o snkČSD 2335/2004-2005 D1
|p 17A0463123
|r 2026-02-21 19:41:17
|w 2026-02-21
|y PREZ
|